000 006480000a22002170004500
001 48925
010 _a972-21-1118-3
021 _aPT
_b108505/97
100 _a20030127d2003 k y0pory5003 ba
101 0 _apor
102 _aPT
200 1 _aHamina e outros contos
_fJosé Craveirinha
210 _aLisboa
_cCaminho
_d1997
215 _a125 p
_cil.
225 2 _aUma terra sem amos
_v87
606 _92029
_aLiteratura
_xContos
675 _a821.134.3(679)-34"20"
_vBN
_zpor
700 1 _915922
_aCraveirinha
_bJosé
_f1922-2003
090 _a48925
942 _cMON
_n0
999 _a48925